Richest cities in China - Statistics

General Stats
  • This quiz has been taken 24 times
  • The average score is 28 of 50
Answer Stats
GDP (nominal) City % Correct
49843.3 Beijing
100%
53926.7 Shanghai
100%
36801.8 Shenzhen
94%
18500.0 Nanjing
89%
18024.3 Tianjin
89%
21106.2 Wuhan
89%
23511.3 Chengdu
83%
32193.1 Chongqing
83%
8589.0 Xiamen
83%
13317.7 Xian
83%
31033.2 Guangzhou
78%
21860.0 Hangzhou
78%
13507.7 Hefei
78%
9027.1 Shenyang
78%
14532.1 Zhengzhou
78%
15268.7 Changsha
72%
9516.9 Dalian
72%
13527.6 Jinan
72%
16719.4 Qingdao
72%
14236.7 Fuzhou
67%
8275.2 Kunming
67%
18147.7 Ningbo
67%
26726.9 Suzhou
67%
12282.1 Dongguan
61%
13361.9 Foshan
61%
9718.8 Wenzhou
61%
16263.2 Wuxi
56%
8203.4 Shijiazhuang
50%
7632,1 Changchun
44%
7020.9 Taizhou
44%
6656.4 Taizhou
44%
10003.9 Tangshan
44%
10813.5 Changzhou
39%
6555.8 Linyi
39%
13094.8 Quanzhou
39%
6136.3 Huizhou
33%
7800.3 Nanchang
33%
12421.8 Nantong
33%
8203.2 Weifang
33%
10782.8 Yantai
33%
7569.5 Jiaxing
28%
6925.5 Jinhua
28%
9537.1 Xuzhou
28%
7779,1 Yancheng
28%
7809.6 Yangzhou
28%
6102.4 Xiangyang
22%
8368.6 Shaoxing
17%
6191.1 Yichang
17%
6363.0 Ordos
11%
7548.6 Yulin
11%
No matching quizzes found
Score Distribution
Percent of People with Each Score
Percentile by Number Answered
Your Score History
You have not taken this quiz